[Event "Berlin Lichtenberger op 18th"]
[Site "Berlin"]
[Date "2019.08.21"]
[Round "5"]
[White "Dittrich, Hans Juergen"]
[Black "Abraham, Helmut"]
[Result "1/2-1/2"]
[WhiteElo "1284"]
[BlackElo "1468"]
[PlyCount "55"]
[EventDate "2019.08.17"]
[EventType "swiss"]
[EventRounds "9"]
[EventCountry "GER"]
[SourceTitle "EXT 2020"]
[Source "ChessBase"]
[SourceDate "2019.10.17"]
[SourceVersion "1"]
[SourceVersionDate "2019.10.17"]
[SourceQuality "1"]

1. d4 d5 2. Bf4 e6 3. h3 Bd6 4. e3 Bxf4 5. exf4 Nf6 6. Nf3 Nbd7 7. Nbd2 a6 8. c4 c6 9. cxd5 cxd5 10. Qa4 0-0 11. Bd3 Nb6 12. Qc2 g6 13. g4 Bd7 14. b3 Rc8 15. Qb2 Qc7 16. Ne5 Bb5 17. Bxb5 axb5 18. 0-0 Nbd7 19. Rfc1 Qd8 20. Rxc8 Qxc8 21. Rc1 Qb8 22. Ndf3 Rc8 23. Rxc8+ Qxc8 24. Nxd7 Nxd7 25. Ne5 Nxe5 26. fxe5 b4 27. Qd2 Qc3 28. Qe3 1/2-1/2

[Event "Berlin Lichtenberger op 17th"]
[Site "Berlin"]
[Date "2018.08.25"]
[Round "8"]
[White "Abraham, Helmut"]
[Black "Lalaev, Ashur"]
[Result "0-1"]
[WhiteElo "1461"]
[BlackElo "1656"]
[PlyCount "90"]
[EventDate "2018.08.18"]
[EventType "swiss"]
[EventRounds "9"]
[EventCountry "GER"]
[SourceTitle "CBM 186 Extra"]
[Source "ChessBase"]
[SourceDate "2018.08.24"]
[SourceVersion "1"]
[SourceVersionDate "2018.08.24"]
[SourceQuality "1"]

1. Nf3 d5 2. e3 c5 3. c4 e6 4. b3 Nf6 5. Nc3 Be7 6. cxd5 exd5 7. d4 Nc6 8. Bb2 0-0 9. Bd3 Bg4 10. 0-0 Kh8 11. Be2 h6 12. Rc1 cxd4 13. exd4 Re8 14. Ne5 Be6 15. Bf3 Kg8 16. Ne2 Rc8 17. Nf4 Bf5 18. Re1 Bd6 19. Nh5 Ne4 20. Bxe4 Bxe4 21. Qg4 Qg5 22. Qxg5 hxg5 23. Ng3 Bh7 24. Re3 Nxe5 25. dxe5 Rxc1+ 26. Bxc1 Rxe5 27. Rxe5 Bxe5 28. Bxg5 Bb1 29. Nf5 d4 30. Ne7+ Kf8 31. Nd5 Bxa2 32. Bf4 Bxf4 33. Nxf4 Bxb3 34. Kf1 Ke7 35. Ke2 Kd6 36. Kd2 Kc5 37. Nd3+ Kb5 38. Ne5 a5 39. Nf3 Kc5 40. Kd3 Bc4+ 41. Kc2 b5 42. Nd2 Kb4 43. Kb2 a4 44. Nb1 Bd3 45. Na3 Ka5 0-1

[Event "Berlin Lichtenberger op 17th"]
[Site "Berlin"]
[Date "2018.08.21"]
[Round "4"]
[White "Abraham, Helmut"]
[Black "Timm, Christian"]
[Result "0-1"]
[WhiteElo "1461"]
[BlackElo "1651"]
[PlyCount "90"]
[EventDate "2018.08.18"]
[EventType "swiss"]
[EventRounds "9"]
[EventCountry "GER"]
[SourceTitle "CBM 186 Extra"]
[Source "ChessBase"]
[SourceDate "2018.08.24"]
[SourceVersion "1"]
[SourceVersionDate "2018.08.24"]
[SourceQuality "1"]

1. Nf3 e6 2. c4 b6 3. Nc3 Bb7 4. b3 Be7 5. Bb2 Nf6 6. e3 d6 7. d4 Nbd7 8. Bd3 0-0 9. 0-0 c5 10. d5 Re8 11. e4 exd5 12. exd5 a6 13. a4 Qc7 14. Qc2 Ne5 15. Nxe5 dxe5 16. Ne4 Nh5 17. Rfd1 Rad8 18. Ng3 Nf6 19. Ne4 g6 20. f4 Nxe4 21. Bxe4 exf4 22. Qc3 f6 23. d6 Rxd6 24. Bxb7 Rxd1+ 25. Rxd1 Qxb7 26. Rd5 Rd8 27. Qf3 Rxd5 28. cxd5 Qd7 29. Qe4 Kf7 30. Qc4 b5 31. axb5 axb5 32. Qe4 Qd6 33. Bc1 Qe5 34. Qf3 Qe1+ 35. Qf1 Qxf1+ 36. Kxf1 g5 37. Ke2 Bd6 38. Kf3 f5 39. g4 fxg3 40. hxg3 h6 41. Be3 Kf6 42. Bd2 Ke5 43. Bc3+ Kxd5 44. Bg7 g4+ 45. Kg2 h5 0-1

[Event "Berlin Lichtenberger op 17th"]
[Site "Berlin"]
[Date "2018.08.19"]
[Round "2"]
[White "Abraham, Helmut"]
[Black "Korell, Klaus Peter"]
[Result "0-1"]
[WhiteElo "1461"]
[BlackElo "1847"]
[PlyCount "72"]
[EventDate "2018.08.18"]
[EventType "swiss"]
[EventRounds "9"]
[EventCountry "GER"]
[SourceTitle "CBM 186 Extra"]
[Source "ChessBase"]
[SourceDate "2018.08.24"]
[SourceVersion "1"]
[SourceVersionDate "2018.08.24"]
[SourceQuality "1"]

1. Nf3 Nf6 2. c4 e6 3. b3 Be7 4. Nc3 d5 5. cxd5 exd5 6. d4 0-0 7. e3 Bf5 8. Bd3 Bxd3 9. Qxd3 Nbd7 10. 0-0 Re8 11. Bb2 c6 12. Rac1 Bd6 13. Ne2 Ne4 14. Ng3 Ndf6 15. Ne5 Qc7 16. f3 Nxg3 17. hxg3 Nd7 18. Nxd7 Qxd7 19. f4 Re4 20. Rf3 Rae8 21. Rcf1 f5 22. Bc3 Qe6 23. Kf2 c5 24. dxc5 Bxc5 25. Be5 Rd8 26. Qc3 Rc8 27. Qa5 Bb6 28. Qd2 Qc6 29. g4 fxg4 30. Rg3 h5 31. Rh1 g6 32. Rd1 Rd8 33. Rc1 Qe6 34. Rh1 Rd7 35. Qc3 Rh7 36. Rh4 Bd8 0-1

[Event "Berlin Lichtenberger op 16th"]
[Site "Berlin"]
[Date "2017.08.25"]
[Round "7"]
[White "Abraham, Helmut"]
[Black "Kretzschmar, Gerald"]
[Result "0-1"]
[WhiteElo "1488"]
[BlackElo "1360"]
[PlyCount "84"]
[EventDate "2017.08.19"]
[EventType "swiss"]
[EventRounds "9"]
[EventCountry "GER"]
[SourceTitle "CBM 180 Extra"]
[Source "ChessBase"]
[SourceDate "2017.10.06"]
[SourceVersion "1"]
[SourceVersionDate "2017.10.06"]
[SourceQuality "1"]

1. Nf3 c6 2. c4 d5 3. e3 Nf6 4. Nc3 Bf5 5. d4 e6 6. Be2 Nbd7 7. 0-0 Qc7 8. c5 b6 9. b4 b5 10. Nh4 Ne4 11. Nxe4 Bxe4 12. f3 Bg6 13. Bd3 Be7 14. Nxg6 hxg6 15. f4 Nf6 16. Qf3 a5 17. Bd2 a4 18. a3 Kd7 19. e4 Rh5 20. g3 Rah8 21. Rf2 Kc8 22. Re1 Qd7 23. exd5 Qxd5 24. Be4 Nxe4 25. Rxe4 f5 26. Ree2 Qxf3 27. Rxf3 Kd7 28. Rfe3 Bf6 29. Bc3 Re8 30. Kg2 g5 31. h3 gxf4 32. gxf4 g5 33. fxg5 Rxg5+ 34. Kh2 Rg6 35. Rg3 Rg7 36. d5 Rxg3 37. dxc6+ Kxc6 38. Kxg3 Bxc3 39. Re3 Bb2 40. Rd3 Be5+ 41. Kg2 Rg8+ 42. Kh1 Rg3 0-1

[Event "Berlin Lichtenberger op 16th"]
[Site "Berlin"]
[Date "2017.08.24"]
[Round "6"]
[White "Otter, Nils"]
[Black "Abraham, Helmut"]
[Result "1-0"]
[WhiteElo "1759"]
[BlackElo "1488"]
[PlyCount "43"]
[EventDate "2017.08.19"]
[EventType "swiss"]
[EventRounds "9"]
[EventCountry "GER"]
[SourceTitle "CBM 180 Extra"]
[Source "ChessBase"]
[SourceDate "2017.10.06"]
[SourceVersion "1"]
[SourceVersionDate "2017.10.06"]
[SourceQuality "1"]

1. e4 c5 2. d4 cxd4 3. c3 dxc3 4. Nxc3 e6 5. Nf3 Nc6 6. Bc4 a6 7. 0-0 Be7 8. Qe2 d6 9. Rd1 Qc7 10. Be3 Nf6 11. Rac1 0-0 12. Bb3 b5 13. Nd5 Nxd5 14. exd5 exd5 15. Bxd5 Bb7 16. Bxc6 Bxc6 17. Nd4 Qd7 18. Nxc6 Rac8 19. Nxe7+ Qxe7 20. Qg4 Rxc1 21. Rxc1 Re8 22. h4 1-0

[Event "Berlin Lichtenberger op 16th"]
[Site "Berlin"]
[Date "2017.08.20"]
[Round "2"]
[White "Abraham, Helmut"]
[Black "Bender, Sebastian1"]
[Result "0-1"]
[WhiteElo "1488"]
[BlackElo "1876"]
[PlyCount "100"]
[EventDate "2017.08.19"]
[EventType "swiss"]
[EventRounds "9"]
[EventCountry "GER"]
[SourceTitle "CBM 180 Extra"]
[Source "ChessBase"]
[SourceDate "2017.10.06"]
[SourceVersion "1"]
[SourceVersionDate "2017.10.06"]
[SourceQuality "1"]

1. Nf3 Nf6 2. c4 g6 3. Nc3 Bg7 4. e3 0-0 5. d4 d6 6. b3 c5 7. Bb2 Nbd7 8. Be2 cxd4 9. exd4 Qa5 10. 0-0 d5 11. Qc2 Nb6 12. c5 Bf5 13. Bd3 Bxd3 14. Qxd3 Nbd7 15. a4 a6 16. Ne2 Ne4 17. Ng3 Nexc5 18. Qc2 Ne6 19. Qd1 Rac8 20. Rc1 Qb4 21. Ne5 Rxc1 22. Qxc1 Nxe5 23. dxe5 Qxb3 24. Qa1 Nc5 25. f4 Qxa4 26. Ba3 Nb3 27. Qb2 Qd4+ 28. Qxd4 Nxd4 29. Bxe7 Rc8 30. Rd1 Nc6 31. Bd6 d4 32. Ne2 Bf8 33. Nxd4 Bxd6 34. exd6 Rd8 35. Nf3 f6 36. Kf2 Kf7 37. Ke2 Ke6 38. Rb1 Rd7 39. Ke3 Kxd6 40. Rb6 Kc5 41. Rb1 b5 42. Nd2 f5 43. Rc1+ Kb6 44. Nb3 a5 45. Nc5 Re7+ 46. Kd2 Nd4 47. Rc3 Rc7 48. Nb3 Rxc3 49. Kxc3 Nxb3 50. Kxb3 Kc5 0-1

[Event "Berlin Lichtenberger op 13th"]
[Site "Berlin"]
[Date "2014.08.22"]
[Round "7"]
[White "Peter, Volkhard"]
[Black "Abraham, Helmut"]
[Result "1-0"]
[WhiteElo "1815"]
[BlackElo "1553"]
[PlyCount "109"]
[EventDate "2014.08.16"]
[EventType "swiss"]
[EventRounds "9"]
[EventCountry "GER"]
[SourceTitle "CBM 161 Extra"]
[Source "ChessBase"]
[SourceDate "2014.08.29"]
[SourceVersion "1"]
[SourceVersionDate "2014.08.29"]
[SourceQuality "1"]

1. e4 c5 2. d4 cxd4 3. c3 dxc3 4. Nxc3 Nc6 5. Bc4 e6 6. Nf3 a6 7. 0-0 Nge7 8. Bg5 f6 9. Bf4 Ng6 10. Bg3 b5 11. Bb3 Bc5 12. Qe2 0-0 13. Rac1 Bb6 14. Rfd1 Qe8 15. Bd6 Rf7 16. a3 Ra7 17. Bc2 Bc7 18. Bc5 Rb7 19. g3 Bb6 20. Bxb6 Rxb6 21. Qe3 Rb7 22. Ne2 Nce5 23. Qc3 Nxf3+ 24. Qxf3 Qf8 25. Qc3 d6 26. Bb3 Bd7 27. Nd4 Re7 28. Nf5 Ne5 29. Nxe7+ Qxe7 30. Qb4 Nf7 31. f4 Kf8 32. Qa5 Ra7 33. Qb6 Be8 34. Rc8 d5 35. exd5 Nd6 36. Rd8 Nf7 37. d6 Qb7 38. Qxb7 Rxb7 39. Rc8 Rd7 40. Bxe6 Rxd6 41. Re1 Rd8 42. Rec1 Ke7 43. f5 Bd7 44. Rxd8 Nxd8 45. Bxd7 Kxd7 46. Kf2 Nc6 47. Ke3 Ne5 48. Rc2 Kd6 49. b3 a5 50. h3 Nd7 51. Kd4 Ne5 52. Rc8 Nc6+ 53. Ke4 g6 54. g4 gxf5+ 55. gxf5 1-0

[Event "Berlin Lichtenberger op 13th"]
[Site "Berlin"]
[Date "2014.08.17"]
[Round "2"]
[White "Abraham, Helmut"]
[Black "Kollberg, Lothar"]
[Result "0-1"]
[WhiteElo "1553"]
[BlackElo "2138"]
[PlyCount "38"]
[EventDate "2014.08.16"]
[EventType "swiss"]
[EventRounds "9"]
[EventCountry "GER"]
[SourceTitle "CBM 161 Extra"]
[Source "ChessBase"]
[SourceDate "2014.08.29"]
[SourceVersion "1"]
[SourceVersionDate "2014.08.29"]
[SourceQuality "1"]

1. Nf3 Nf6 2. c4 g6 3. g3 Bg7 4. Nc3 0-0 5. Bg2 d6 6. d4 Nbd7 7. 0-0 e5 8. b3 exd4 9. Nxd4 Nc5 10. Bg5 h6 11. Bxf6 Qxf6 12. e3 c6 13. Rc1 a5 14. a3 Rd8 15. Nce2 g5 16. f4 Qe7 17. Rc3 Bg4 18. Qc2 Bxe2 19. Qxe2 Bxd4 0-1

[Event "Berlin Lichtenberger op 12th"]
[Site "Berlin"]
[Date "2013.08.19"]
[Round "3"]
[White "Schweitzer, Paul"]
[Black "Abraham, Helmut"]
[Result "1-0"]
[WhiteElo "1724"]
[BlackElo "1597"]
[PlyCount "69"]
[EventDate "2013.08.17"]
[EventType "swiss"]
[EventRounds "9"]
[EventCountry "GER"]
[SourceTitle "CBM 156 Extra"]
[Source "ChessBase"]
[SourceDate "2013.10.22"]
[SourceVersion "1"]
[SourceVersionDate "2013.10.22"]
[SourceQuality "1"]

1. Nf3 g6 2. d4 Nf6 3. c3 Bg7 4. Bg5 d6 5. Nbd2 Nbd7 6. e3 c6 7. Be2 Qc7 8. a4 a5 9. c4 b6 10. Rc1 Bb7 11. c5 bxc5 12. dxc5 Nxc5 13. Nd4 0-0 14. h4 h6 15. Bxf6 Bxf6 16. h5 g5 17. Bc4 e6 18. Qf3 Bg7 19. Be2 Bxd4 20. exd4 Nxa4 21. Qf6 Ba6 22. Nc4 Nb6 23. Qxh6 f6 24. Qg6+ Kh8 25. h6 Bxc4 26. Bxc4 Nxc4 27. Rxc4 Rab8 28. Rxc6 Qe7 29. 0-0 Rg8 30. Qc2 Qf8 31. Re1 e5 32. dxe5 dxe5 33. Qf5 Qxh6 34. Rxf6 Qg7 35. Qh3+ 1-0

[Event "Berlin Lichtenberger op 12th"]
[Site "Berlin"]
[Date "2013.08.18"]
[Round "2"]
[White "Abraham, Helmut"]
[Black "Bandsom, Olaf"]
[Result "0-1"]
[WhiteElo "1597"]
[BlackElo "1808"]
[PlyCount "64"]
[EventDate "2013.08.17"]
[EventType "swiss"]
[EventRounds "9"]
[EventCountry "GER"]
[SourceTitle "CBM 156 Extra"]
[Source "ChessBase"]
[SourceDate "2013.10.22"]
[SourceVersion "1"]
[SourceVersionDate "2013.10.22"]
[SourceQuality "1"]

1. e4 e5 2. Nf3 Nc6 3. d4 exd4 4. Nxd4 d6 5. Nc3 g6 6. Bc4 Bg7 7. Qf3 Ne5 8. Qe2 Nxc4 9. Qxc4 c6 10. 0-0 Ne7 11. Bg5 0-0 12. f4 d5 13. Qc5 Re8 14. f5 f6 15. Be3 dxe4 16. Qc4+ Kh8 17. Ne6 Bxe6 18. fxe6 f5 19. Rad1 Nd5 20. Bd4 Bxd4+ 21. Qxd4+ Qf6 22. Nxd5 Qxd4+ 23. Rxd4 cxd5 24. Rxd5 Rad8 25. Re5 Rd6 26. e7 Rd7 27. c4 Rexe7 28. Rd5 Rxd5 29. cxd5 Rd7 30. Rd1 Kg7 31. Kf2 Kf6 32. Ke3 Ke5 0-1

[Event "Berlin Lichtenberger op 12th"]
[Site "Berlin"]
[Date "2013.08.17"]
[Round "1"]
[White "Reiche, Andreas"]
[Black "Abraham, Helmut"]
[Result "1-0"]
[WhiteElo "1940"]
[BlackElo "1597"]
[PlyCount "103"]
[EventDate "2013.08.17"]
[EventType "swiss"]
[EventRounds "9"]
[EventCountry "GER"]
[SourceTitle "CBM 156 Extra"]
[Source "ChessBase"]
[SourceDate "2013.10.22"]
[SourceVersion "1"]
[SourceVersionDate "2013.10.22"]
[SourceQuality "1"]

1. e4 c5 2. Nf3 e6 3. d4 cxd4 4. Nxd4 Nc6 5. Be2 Nf6 6. Nxc6 bxc6 7. Qd3 d5 8. exd5 cxd5 9. 0-0 Be7 10. Qg3 0-0 11. Nc3 Bd6 12. Bf4 Bxf4 13. Qxf4 a6 14. Rfd1 Bb7 15. Rd3 Nd7 16. Rg3 f5 17. Qd6 Rf6 18. Bf3 e5 19. Bxd5+ Bxd5 20. Qxd5+ Kh8 21. Rd3 e4 22. Rd4 Ra7 23. Rad1 h6 24. Na4 Qe7 25. Qc4 Ne5 26. Qc8+ Kh7 27. Nc3 Rg6 28. Rd8 Nf7 29. R8d5 Qg5 30. g3 e3 31. Qxf5 Qxf5 32. Rxf5 exf2+ 33. Rxf2 Ng5 34. Kg2 Rb7 35. Na4 h5 36. Rf4 Rc7 37. c3 Re7 38. Rd2 Re3 39. c4 Ne4 40. Rd5 Nf6 41. Rd2 Ng4 42. Nc3 h4 43. Rdd4 hxg3 44. Rxg4 gxh2 45. Rxg6 h1Q+ 46. Kxh1 Kxg6 47. Kg2 Kf5 48. Kf2 Re7 49. b4 g5 50. Kf3 Rh7 51. Rd5+ Kf6 52. Ne4+ 1-0

[Event "Seefeld op 17th"]
[Site "Seefeld"]
[Date "2006.10.01"]
[Round "9"]
[White "Gestrich, Wolfgang"]
[Black "Abraham, Helmut"]
[Result "1/2-1/2"]
[WhiteElo "1756"]
[BlackElo "1461"]
[PlyCount "27"]
[EventDate "2006.09.23"]
[EventType "swiss"]
[EventRounds "9"]
[EventCountry "AUT"]
[SourceTitle "EXT 2009"]
[Source "ChessBase"]
[SourceDate "2008.11.26"]
[SourceVersion "1"]
[SourceVersionDate "2008.11.26"]
[SourceQuality "1"]

1. c4 Nf6 2. Nc3 e5 3. e4 Bb4 4. d3 c6 5. Bd2 d5 6. cxd5 cxd5 7. a3 Bxc3 8. Bxc3 d4 9. Bd2 0-0 10. Bg5 Be6 11. Nf3 Nbd7 12. Rc1 Qa5+ 13. Qd2 Qb6 14. Bxf6 1/2-1/2

[Event "Seefeld op 17th"]
[Site "Seefeld"]
[Date "2006.09.30"]
[Round "8"]
[White "Scheidt, Eugen"]
[Black "Abraham, Helmut"]
[Result "1-0"]
[WhiteElo "1980"]
[BlackElo "1461"]
[PlyCount "91"]
[EventDate "2006.09.23"]
[EventType "swiss"]
[EventRounds "9"]
[EventCountry "AUT"]
[SourceTitle "EXT 2009"]
[Source "ChessBase"]
[SourceDate "2008.11.26"]
[SourceVersion "1"]
[SourceVersionDate "2008.11.26"]
[SourceQuality "1"]

1. e4 c5 2. Nf3 Nc6 3. d4 cxd4 4. Nxd4 Qb6 5. Nb3 d6 6. Be3 Qc7 7. Be2 Nf6 8. Nc3 e6 9. f4 Be7 10. 0-0 0-0 11. Bf3 Bd7 12. Qd2 Ne8 13. Rad1 f5 14. exf5 exf5 15. Nd5 Qd8 16. Nxe7+ Qxe7 17. Rfe1 Qf6 18. Bd5+ Kh8 19. Nd4 Rc8 20. c3 b6 21. Bf2 Ne7 22. Ne6 Bxe6 23. Rxe6 Qf7 24. Rxd6 Nxd5 25. Rxd5 Nf6 26. Rxf5 Qxa2 27. Bd4 Kg8 28. Bxf6 gxf6 29. Qd5+ Qxd5 30. Rdxd5 Rf7 31. Rd6 Kg7 32. Kf2 Rc4 33. Kf3 Ra4 34. Rfd5 Ra2 35. Rd2 Ra1 36. Rd7 Rf1+ 37. Kg3 Re1 38. Rxf7+ Kxf7 39. Rd7+ Re7 40. Rxe7+ Kxe7 41. Kg4 Ke6 42. Kh5 a5 43. Kh6 a4 44. g4 Kd5 45. f5 Kc4 46. g5 1-0

[Event "Seefeld op 17th"]
[Site "Seefeld"]
[Date "2006.09.25"]
[Round "3"]
[White "Schmidt, Wolfgang2"]
[Black "Abraham, Helmut"]
[Result "1-0"]
[WhiteElo "2061"]
[BlackElo "1461"]
[PlyCount "51"]
[EventDate "2006.09.23"]
[EventType "swiss"]
[EventRounds "9"]
[EventCountry "AUT"]
[SourceTitle "EXT 2009"]
[Source "ChessBase"]
[SourceDate "2008.11.26"]
[SourceVersion "1"]
[SourceVersionDate "2008.11.26"]
[SourceQuality "1"]

1. e4 c5 2. Nf3 Nc6 3. d4 cxd4 4. Nxd4 Qb6 5. Nb3 e6 6. Be3 Qc7 7. Bd3 Nf6 8. 0-0 Be7 9. Nc3 0-0 10. f4 e5 11. a3 Qd8 12. Nd5 b6 13. fxe5 Nxd5 14. exd5 Nxe5 15. d6 Nxd3 16. dxe7 Qxe7 17. Qxd3 Bb7 18. Bf4 d5 19. Qg3 Rfe8 20. Rae1 Qd7 21. Be5 g6 22. Qg5 f5 23. Qf6 d4 24. Qh8+ Kf7 25. Qg7+ Ke6 26. Nxd4+ 1-0

[Event "Seefeld op 15th"]
[Site "Seefeld"]
[Date "2004.09.25"]
[Round "8"]
[White "Strasser, Josef"]
[Black "Abraham, Helmut"]
[Result "1-0"]
[WhiteElo "1782"]
[BlackElo "1469"]
[PlyCount "97"]
[EventDate "2004.09.18"]
[EventType "swiss"]
[EventRounds "9"]
[EventCountry "AUT"]
[SourceTitle "EXT 2005"]
[Source "ChessBase"]
[SourceDate "2004.11.15"]
[SourceVersion "1"]
[SourceVersionDate "2004.11.15"]
[SourceQuality "1"]

1. d4 Nf6 2. c4 g6 3. Nc3 d5 4. e3 Bg7 5. Nf3 0-0 6. Qb3 dxc4 7. Bxc4 Nbd7 8. 0-0 Nb6 9. Be2 Be6 10. Qc2 a6 11. b3 Rc8 12. Bb2 c5 13. Qd2 Qc7 14. d5 Rfd8 15. e4 Bg4 16. Rac1 Bxf3 17. Bxf3 e6 18. Qg5 h6 19. Qg3 Qxg3 20. hxg3 exd5 21. Nxd5 Nfxd5 22. Bxg7 Kxg7 23. exd5 Nxd5 24. Rfd1 Nb4 25. Rxd8 Rxd8 26. a3 Nd3 27. Rd1 b5 28. Kf1 Rd4 29. Bb7 Rd6 30. Ke2 c4 31. bxc4 bxc4 32. Rd2 Nc1+ 33. Kd1 Rxd2+ 34. Kxd2 Nb3+ 35. Kc3 Nc5 36. Bd5 Na4+ 37. Kxc4 Nb6+ 38. Kc5 Nxd5 39. Kxd5 Kf6 40. Kc6 Ke6 41. Kb6 Kd6 42. Kxa6 Kc6 43. g4 f6 44. Ka7 Kc7 45. a4 h5 46. gxh5 gxh5 47. g3 f5 48. f4 Kc6 49. Kb8 1-0

[Event "Seefeld op 15th"]
[Site "Seefeld"]
[Date "2004.09.24"]
[Round "7"]
[White "Abraham, Helmut"]
[Black "Flueckiger, Juergen"]
[Result "0-1"]
[WhiteElo "1469"]
[BlackElo "2037"]
[PlyCount "60"]
[EventDate "2004.09.18"]
[EventType "swiss"]
[EventRounds "9"]
[EventCountry "AUT"]
[SourceTitle "EXT 2005"]
[Source "ChessBase"]
[SourceDate "2004.11.15"]
[SourceVersion "1"]
[SourceVersionDate "2004.11.15"]
[SourceQuality "1"]

1. Nf3 Nf6 2. c4 e6 3. g3 b6 4. Bg2 Bb7 5. 0-0 c5 6. Nc3 d6 7. Rb1 Na6 8. d3 Be7 9. Bd2 0-0 10. a3 Re8 11. e4 Nc7 12. b4 d5 13. bxc5 Bxc5 14. e5 Nd7 15. d4 Be7 16. c5 Ba6 17. cxb6 Nxb6 18. Re1 Bxa3 19. Ng5 h6 20. Nh3 Nc4 21. Bf4 Rb8 22. Rxb8 Qxb8 23. Qg4 Kh7 24. Qh5 Re7 25. Na4 Qb4 26. Ng5+ Kg8 27. Nf3 Qxa4 28. Bxh6 gxh6 29. Qxh6 Qc2 30. Ng5 Qg6 0-1